|
|
|
|
| LEADER |
00000nam0a2200000 4500 |
| 001 |
303228 |
| 005 |
20231102001601.0 |
| 020 |
|
|
|a RU
|b 83-38609
|
| 035 |
|
|
|a (RuTPU)RU\TPU\book\328449
|
| 090 |
|
|
|a 303228
|
| 100 |
|
|
|a 20150901d1983 m y0rusy5003 ca
|
| 101 |
0 |
|
|a rus
|
| 102 |
|
|
|a RU
|
| 105 |
|
|
|a ac z 001zb
|
| 200 |
1 |
|
|a Буденный
|f А. М. Золототрубов
|
| 210 |
|
|
|a Москва
|c Молодая гвардия
|d 1983
|
| 215 |
|
|
|a 303 с.
|c 17 л. ил.
|
| 225 |
1 |
|
|a Жизнь замечательных людей. Серия биографий
|a Вып. 7(636)
|
| 320 |
|
|
|a Библиогр.: с. 301-302
|
| 600 |
|
1 |
|a Буденный
|b С. М.
|c российский военачальник
|c Маршал Советского Союза
|f 1883-1973
|g Семен Михайлович
|c трижды Герой Советского Союза
|2 stltpush
|3 (RuTPU)RU\TPU\pers\12483
|
| 606 |
1 |
|
|a Вооруженные силы
|x СССР
|x Персоналии
|2 stltpush
|3 (RuTPU)RU\TPU\subj\3697
|9 32075
|
| 610 |
1 |
|
|a военноначальники
|
| 610 |
1 |
|
|a конница
|
| 610 |
1 |
|
|a история
|
| 610 |
1 |
|
|a СССР
|
| 610 |
1 |
|
|a 20 век
|
| 610 |
1 |
|
|a полководцы
|
| 610 |
1 |
|
|a персоналии
|
| 686 |
|
|
|a Ц4,6(2)1д
|v LBC/SL-A
|2 rubbk
|
| 700 |
|
1 |
|a Золототрубов
|b А. М.
|g Александр Михайлович
|4 070
|
| 801 |
|
0 |
|a RU
|b RuMRKP
|c 19950704
|g psbo
|
| 801 |
|
1 |
|a RU
|b 63413507
|c 20150901
|
| 801 |
|
2 |
|a RU
|b 63413507
|c 20170816
|g RCR
|
| 942 |
|
|
|c BK
|